[Event "IECC TH-S-0334"]
[Site "IECC email"]
[Date "2009.06.01"]
[Round "?"]
[White "Vujadinovic, Milan"]
[Black "Wight, David"]
[Result "1/2-1/2"]
[WhiteElo "2137"]
[BlackElo "2208"]
[PlyCount "55"]
[EventDate "2009.??.??"]
[EventType "match (corr)"]
[EventRounds "2"]
[SourceTitle "Corr 2011"]
[Source "ChessBase"]
[SourceDate "2010.08.31"]
[SourceVersion "1"]
[SourceVersionDate "2010.08.31"]
[SourceQuality "1"]
[WhiteTeam "SCG"]
[BlackTeam "US of America"]
[BlackTeamCountry "USA"]

1. d4 Nf6 2. c4 e6 3. Nf3 Bb4+ 4. Nbd2 0-0 5. a3 Be7 6. e4 d5 7. Qc2 dxe4 8. Nxe4 Nxe4 9. Qxe4 f5 10. Qc2 c5 11. dxc5 Bf6 12. Bd3 Na6 13. c6 bxc6 14. 0-0 Nc5 15. Be2 Qe7 16. Be3 a5 17. Nd4 Bd7 18. Rad1 f4 19. Nf5 exf5 20. Bxc5 Qxc5 21. Rxd7 Rab8 22. b3 Rf7 23. Rfd1 g6 24. Rxf7 Kxf7 25. Rd7+ Be7 26. a4 Qb4 27. Qd1 Rb7 28. Rxb7 1/2-1/2

[Event "IECC CL1-2009.02 email"]
[Site "IECC email"]
[Date "2009.05.03"]
[Round "?"]
[White "Wight, David"]
[Black "Stilman, Eduardo"]
[Result "1/2-1/2"]
[WhiteElo "2188"]
[BlackElo "2227"]
[PlyCount "74"]
[EventDate "2009.??.??"]
[EventType "tourn (corr)"]
[EventRounds "4"]
[SourceTitle "Corr 2011"]
[Source "ChessBase"]
[SourceDate "2010.08.31"]
[SourceVersion "1"]
[SourceVersionDate "2010.08.31"]
[SourceQuality "1"]
[WhiteTeam "US of America"]
[BlackTeam "Uruguay"]
[WhiteTeamCountry "USA"]
[BlackTeamCountry "URU"]

1. Nf3 Nf6 2. d4 g6 3. c4 Bg7 4. Nc3 0-0 5. e4 d6 6. h3 e5 7. dxe5 dxe5 8. Qxd8 Rxd8 9. Bg5 Nbd7 10. Rd1 Rf8 11. Bd3 c6 12. Be3 Re8 13. Bb1 Nb6 14. b3 Bf8 15. 0-0 Nbd7 16. Na4 b6 17. Rfe1 Bb7 18. Re2 b5 19. Nb2 Nc5 20. Bd2 a5 21. Kf1 Nh5 22. Be3 Nf4 23. Red2 f6 24. g3 Nfe6 25. Kg2 Red8 26. Nh2 Rxd2 27. Rxd2 Rd8 28. Ng4 Kf7 29. Rxd8 Nxd8 30. f4 exf4 31. gxf4 Nd7 32. f5 Ba3 33. Nd3 bxc4 34. bxc4 Ba6 35. Bd2 Nb7 36. fxg6+ hxg6 37. e5 f5 1/2-1/2

[Event "IECC TH-M-2849"]
[Site "IECC email"]
[Date "2009.03.14"]
[Round "?"]
[White "Stilman, Eduardo"]
[Black "Wight, David"]
[Result "1/2-1/2"]
[WhiteElo "2227"]
[BlackElo "2172"]
[PlyCount "106"]
[EventDate "2009.??.??"]
[EventType "match (corr)"]
[EventRounds "2"]
[SourceTitle "Corr 2011"]
[Source "ChessBase"]
[SourceDate "2010.08.31"]
[SourceVersion "1"]
[SourceVersionDate "2010.08.31"]
[SourceQuality "1"]
[WhiteTeam "Uruguay"]
[BlackTeam "US of America"]
[WhiteTeamCountry "URU"]
[BlackTeamCountry "USA"]

1. d4 d5 2. e4 c6 3. Nc3 dxe4 4. f3 exf3 5. Nxf3 Nf6 6. Bd3 g6 7. Bf4 Bg7 8. Qd2 Bg4 9. 0-0-0 0-0 10. Be2 b5 11. h3 Bf5 12. g4 Be6 13. g5 Nd5 14. Nxd5 Qxd5 15. b3 a5 16. Ne5 a4 17. Bf3 Qd6 18. b4 Bd5 19. Nd3 Qd8 20. Bxd5 Qxd5 21. c3 Nd7 22. h4 Rae8 23. Kb1 e5 24. dxe5 Nxe5 25. Nxe5 Qxd2 26. Rxd2 Bxe5 27. Bxe5 Rxe5 28. Rf1 c5 29. a3 cxb4 30. axb4 Rc8 31. Kb2 Rc7 32. Rfd1 h5 33. Rd8+ Kg7 34. Rb8 a3+ 35. Kb3 Re3 36. Rc1 a2 37. Kxa2 Rcxc3 38. Rxc3 Rxc3 39. Rxb5 Rc4 40. Kb3 Rxh4 41. Rd5 Rh1 42. b5 h4 43. Rd2 h3 44. Kc4 h2 45. Kd3 Rb1 46. Rxh2 Rxb5 47. Rg2 Kf8 48. Ke4 Rf5 49. Kd3 Ke7 50. Ke4 Ke6 51. Rg1 Kd6 52. Rg2 Kd7 53. Rg3 Kc6 1/2-1/2

[Event "IECC TH-M-2850"]
[Site "IECC email"]
[Date "2009.03.14"]
[Round "?"]
[White "Stilman, Eduardo"]
[Black "Wight, David"]
[Result "1-0"]
[WhiteElo "2191"]
[BlackElo "2172"]
[PlyCount "37"]
[EventDate "2009.??.??"]
[EventType "match (corr)"]
[EventRounds "2"]
[SourceTitle "Corr 2011"]
[Source "ChessBase"]
[SourceDate "2010.08.31"]
[SourceVersion "1"]
[SourceVersionDate "2010.08.31"]
[SourceQuality "1"]
[WhiteTeam "Uruguay"]
[BlackTeam "US of America"]
[WhiteTeamCountry "URU"]
[BlackTeamCountry "USA"]

1. e4 c5 2. Nf3 d6 3. d4 cxd4 4. Nxd4 Nf6 5. Nc3 a6 6. Be3 e6 7. g4 e5 8. Nf5 g6 9. g5 gxf5 10. exf5 d5 11. Qf3 d4 12. 0-0-0 Qa5 13. gxf6 dxc3 14. Bc4 h5 15. Qg3 Bxf5 16. Rd5 Qb4 17. Rxe5+ Be6 18. Rxe6+ fxe6 19. Qc7 1-0

[Event "IECC TH-M-2844"]
[Site "IECC email"]
[Date "2009.03.07"]
[Round "?"]
[White "Almeida, Ruben Hector"]
[Black "Wight, David"]
[Result "1/2-1/2"]
[WhiteElo "2304"]
[BlackElo "2211"]
[PlyCount "78"]
[EventDate "2009.??.??"]
[EventType "match (corr)"]
[EventRounds "2"]
[SourceTitle "Corr 2011"]
[Source "ChessBase"]
[SourceDate "2010.08.31"]
[SourceVersion "1"]
[SourceVersionDate "2010.08.31"]
[SourceQuality "1"]
[WhiteTeam "Argentina"]
[BlackTeam "US of America"]
[WhiteTeamCountry "ARG"]
[BlackTeamCountry "USA"]

1. d4 d5 2. c4 e5 3. dxe5 d4 4. Nf3 Nc6 5. g3 f6 6. exf6 Nxf6 7. Bg2 Bb4+ 8. Nbd2 Bg4 9. 0-0 Qd7 10. a3 Bxd2 11. Bxd2 0-0-0 12. Bf4 Rhe8 13. Re1 h6 14. Qb3 Ne4 15. Ne5 Nxe5 16. Bxe4 Nc6 17. Qc2 g5 18. Bd2 Re5 19. f4 Re6 20. fxg5 hxg5 21. Bxg5 Rde8 22. Bd5 Rxe2 23. Rxe2 Rxe2 24. Qg6 Re8 25. Qf6 d3 26. Bd2 Re2 27. Bc3 d2 28. h3 Bh5 29. Qh8+ Be8 30. Qh4 Bg6 31. Rd1 Qe8 32. Rxd2 Qe3+ 33. Kh1 Re1+ 34. Kg2 Qg1+ 35. Kf3 Qf1+ 36. Rf2 Re3+ 37. Kxe3 Qd3+ 38. Kf4 Qf5+ 39. Ke3 Qd3+ 1/2-1/2

[Event "IECC TH-M-2845"]
[Site "IECC email"]
[Date "2009.03.07"]
[Round "?"]
[White "Almeida, Ruben Hector"]
[Black "Wight, David"]
[Result "1/2-1/2"]
[WhiteElo "2300"]
[BlackElo "2215"]
[PlyCount "96"]
[EventDate "2009.??.??"]
[EventType "match (corr)"]
[EventRounds "2"]
[SourceTitle "Corr 2011"]
[Source "ChessBase"]
[SourceDate "2010.08.31"]
[SourceVersion "1"]
[SourceVersionDate "2010.08.31"]
[SourceQuality "1"]
[WhiteTeam "Argentina"]
[BlackTeam "US of America"]
[WhiteTeamCountry "ARG"]
[BlackTeamCountry "USA"]

1. d4 d5 2. c4 e5 3. dxe5 d4 4. Nf3 Nc6 5. Nbd2 Nge7 6. g3 Ng6 7. Bg2 Ncxe5 8. h4 h5 9. 0-0 Be7 10. Nxe5 Nxe5 11. Nf3 Nxf3+ 12. Bxf3 c6 13. Qd3 Bf6 14. Rd1 Qe7 15. e3 dxe3 16. Bxe3 0-0 17. Bxh5 Bxb2 18. Rab1 Bf6 19. Bf3 Re8 20. h5 Be6 21. Qb3 Bf5 22. Qxb7 Bxb1 23. Rxb1 Rac8 24. Qxa7 Qe6 25. Qc5 Qh3 26. Bf4 Be5 27. Bxe5 Qf5 28. Rb3 Rxe5 29. Qd4 Ra8 30. Kg2 Re6 31. a4 Qa5 32. c5 Rd8 33. Qb4 Qxb4 34. Rxb4 Ra8 35. Be4 g6 36. hxg6 fxg6 37. f4 Ra5 38. Rc4 Kg7 39. g4 g5 40. fxg5 Re5 41. Bxc6 Rexc5 42. Rxc5 Rxc5 43. Be4 Rc3 44. Kf2 Rc4 45. Kf3 Kf8 46. a5 Ra4 47. a6 Ra3+ 48. Kf4 Rxa6 1/2-1/2

[Event "IECC TH-M-2844"]
[Site "IECC email"]
[Date "2009.03.07"]
[Round "?"]
[White "Wight, David"]
[Black "Almeida, Ruben Hector"]
[Result "1/2-1/2"]
[WhiteElo "2220"]
[BlackElo "2282"]
[PlyCount "113"]
[EventDate "2009.??.??"]
[EventType "match (corr)"]
[EventRounds "2"]
[SourceTitle "Corr 2011"]
[Source "ChessBase"]
[SourceDate "2010.08.31"]
[SourceVersion "1"]
[SourceVersionDate "2010.08.31"]
[SourceQuality "1"]
[WhiteTeam "US of America"]
[BlackTeam "Argentina"]
[WhiteTeamCountry "USA"]
[BlackTeamCountry "ARG"]

1. d4 d5 2. c4 e5 3. dxe5 d4 4. Nf3 Nc6 5. g3 f6 6. exf6 Qxf6 7. Bg2 Bg4 8. h3 Bxf3 9. Bxf3 0-0-0 10. Nd2 Ne5 11. Bg2 Qe6 12. 0-0 Nf6 13. Qa4 Kb8 14. Rd1 d3 15. Nb3 Qxc4 16. Qxc4 Nxc4 17. Rxd3 Bb4 18. Rb1 Rhe8 19. Bf4 Rxd3 20. exd3 Nb6 21. a3 Bd6 22. Bxd6 cxd6 23. Nd4 d5 24. Kf1 g6 25. Re1 Rxe1+ 26. Kxe1 a5 27. Kd2 Kc7 28. f4 Nh5 29. Ne2 Nf6 30. g4 Kd6 31. Ke3 Ng8 32. Nc3 Ne7 33. Bf1 Nbc8 34. Nb5+ Kc6 35. Nd4+ Kd6 36. Nf3 Ng8 37. Be2 Nf6 38. Bd1 Na7 39. Ba4 Nc8 40. Nd4 Ne7 41. Nb3 b6 42. Nd4 h6 43. Nf3 h5 44. Ne5 Nh7 45. Be8 hxg4 46. hxg4 Nf8 47. Nf7+ Ke6 48. Kd4 Kf6 49. Ng5 Ng8 50. Kxd5 Nh6 51. Ne4+ Ke7 52. Bxg6 Nxg6 53. f5 Nf4+ 54. Kc6 Nxg4 55. b3 Nxd3 56. Kxb6 Nc1 57. f6+ 1/2-1/2

[Event "IECC TH-M-2845"]
[Site "IECC email"]
[Date "2009.03.07"]
[Round "?"]
[White "Wight, David"]
[Black "Almeida, Ruben Hector"]
[Result "1-0"]
[WhiteElo "2192"]
[BlackElo "2297"]
[PlyCount "96"]
[EventDate "2009.??.??"]
[EventType "match (corr)"]
[EventRounds "2"]
[SourceTitle "Corr 2011"]
[Source "ChessBase"]
[SourceDate "2010.08.31"]
[SourceVersion "1"]
[SourceVersionDate "2010.08.31"]
[SourceQuality "1"]
[WhiteTeam "US of America"]
[BlackTeam "Argentina"]
[WhiteTeamCountry "USA"]
[BlackTeamCountry "ARG"]

1. d4 d5 2. c4 e5 3. dxe5 d4 4. Nf3 Nc6 5. Nbd2 Nge7 6. Nb3 Nf5 7. e4 dxe3 8. Qxd8+ Kxd8 9. fxe3 Nh6 10. h3 Nb4 11. Kf2 Nc2 12. Rb1 Bf5 13. Nh4 Bd7 14. Bd2 c5 15. Bd3 Nb4 16. Bxb4 cxb4 17. Be4 Be7 18. Nf3 Kc7 19. Rbd1 Rad8 20. Rd4 Bc6 21. Bxc6 bxc6 22. Ra1 c5 23. Rd5 Kb6 24. Rad1 Rhe8 25. Nfd2 f5 26. Nf3 a6 27. a3 bxa3 28. bxa3 Rb8 29. Rd7 Rb7 30. Nxc5 Rxd7 31. Nxd7+ Kc7 32. Rd5 Bxa3 33. Nd4 Nf7 34. Nxf5 Bb2 35. Nd4 Re7 36. Nf8 g6 37. Ke2 Kc8 38. e6 Nd8 39. Rd6 Re8 40. Rxa6 Bxd4 41. exd4 Rxf8 42. Kd3 Re8 43. d5 Kb7 44. Rd6 Kc8 45. Kd4 g5 46. c5 h5 47. Rb6 Nb7 48. Rd6 Nxd6 1-0

[Event "IECC TH-M-2842"]
[Site "IECC email"]
[Date "2009.01.30"]
[Round "?"]
[White "Djuric, Mirko"]
[Black "Wight, David"]
[Result "1-0"]
[WhiteElo "2309"]
[BlackElo "2175"]
[PlyCount "129"]
[EventDate "2009.??.??"]
[EventType "match (corr)"]
[EventRounds "2"]
[SourceTitle "Corr 2011"]
[Source "ChessBase"]
[SourceDate "2010.08.31"]
[SourceVersion "1"]
[SourceVersionDate "2010.08.31"]
[SourceQuality "1"]
[WhiteTeam "SCG"]
[BlackTeam "US of America"]
[BlackTeamCountry "USA"]

1. d4 d5 2. c4 c6 3. Nf3 Nf6 4. Nc3 dxc4 5. e4 b5 6. Qc2 Bg4 7. a4 b4 8. Ne2 e6 9. Bg5 Be7 10. Bxf6 Bxf6 11. Qxc4 0-0 12. Ne5 Bxe5 13. dxe5 Nd7 14. Qd4 c5 15. Qd6 f6 16. f3 Nxe5 17. 0-0-0 c4 18. Qa6 Nd3+ 19. Kb1 Qc8 20. Qxc8 Rfxc8 21. Rg1 Bh5 22. Nd4 Ne5 23. Nxe6 Be8 24. a5 Kf7 25. Nf4 Rab8 26. Rd6 Ba4 27. Nd5 Rc5 28. f4 Ng4 29. Be2 Nf2 30. Ne3 c3 31. Rd4 Bc6 32. Bc4+ Kf8 33. Bd5 Bb5 34. Bc4 Ng4 35. Nxg4 Bxc4 36. Ne3 Bb3 37. Rd3 Rxa5 38. g3 Rc8 39. Rg2 c2+ 40. Rxc2 Bxc2+ 41. Nxc2 Re8 42. Nxb4 Rxe4 43. Rd8+ Kf7 44. Rd7+ Ke8 45. Rb7 Rh5 46. h4 Re7 47. Rb8+ Kf7 48. Nc6 Rd7 49. Rb4 Kg6 50. Ra4 Rc5 51. Nd4 Rcd5 52. f5+ Kf7 53. Nb3 Rxf5 54. g4 Rf2 55. Ka2 Kg6 56. Nc5 Rdd2 57. Rb4 a5 58. Rb6 Rd4 59. h5+ Kh6 60. Ra6 Rxg4 61. Rxa5 Rg5 62. Ka3 Rxh5 63. b3 Rf3 64. Kb4 g5 65. Ne6 1-0

[Event "IECC TH-M-2843"]
[Site "IECC email"]
[Date "2009.01.30"]
[Round "?"]
[White "Wight, David"]
[Black "Djuric, Mirko"]
[Result "0-1"]
[WhiteElo "2218"]
[BlackElo "2280"]
[PlyCount "106"]
[EventDate "2009.??.??"]
[EventType "match (corr)"]
[EventRounds "2"]
[SourceTitle "Corr 2011"]
[Source "ChessBase"]
[SourceDate "2010.08.31"]
[SourceVersion "1"]
[SourceVersionDate "2010.08.31"]
[SourceQuality "1"]
[WhiteTeam "US of America"]
[BlackTeam "SCG"]
[WhiteTeamCountry "USA"]

1. d4 d5 2. e4 dxe4 3. Nc3 Nf6 4. Bg5 Bf5 5. f3 Nbd7 6. fxe4 Nxe4 7. Qf3 Nd6 8. Bd3 h6 9. Bf4 Bxd3 10. Qxd3 e6 11. 0-0-0 Qh4 12. Nge2 Be7 13. Rhf1 c6 14. Kb1 0-0 15. g4 Qxg4 16. Bxh6 Qh5 17. Bf4 Rad8 18. Rg1 Qh7 19. Qf3 Nf5 20. Rd3 Rfe8 21. Qg2 g6 22. Ne4 Qh8 23. Ng5 Nf8 24. Rh3 Qg7 25. c3 c5 26. Be5 f6 27. Nf4 fxe5 28. Ngxe6 Nxe6 29. Nxe6 Qf7 30. Nxd8 Bxd8 31. dxc5 e4 32. Qxg6+ Qxg6 33. Rxg6+ Kf7 34. Rg2 e3 35. Re2 Bf6 36. Kc2 a5 37. a3 a4 38. Rf3 Re5 39. c6 bxc6 40. Rf4 Ra5 41. Rc4 c5 42. Kd3 Bg5 43. Rg2 Kf6 44. Rcg4 Bh6 45. h4 Ra7 46. Rc4 Rd7+ 47. Ke2 Rd2+ 48. Kf3 Rd1 49. Rxa4 Rh1 50. Re2 Rh3+ 51. Kg2 Rg3+ 52. Kf1 Ke5 53. Rh2 Bf4 0-1

[Event "IECC TH-M-2840"]
[Site "IECC email"]
[Date "2009.01.25"]
[Round "?"]
[White "Phillips, Gordon"]
[Black "Wight, David"]
[Result "1-0"]
[WhiteElo "2082"]
[BlackElo "2187"]
[PlyCount "21"]
[EventDate "2009.??.??"]
[EventType "match (corr)"]
[SourceTitle "Corr 2013"]
[Source "ChessBase"]
[SourceDate "2012.11.12"]
[SourceVersion "1"]
[SourceVersionDate "2012.11.12"]
[SourceQuality "1"]
[WhiteTeam "Poland"]
[BlackTeam "Argentina"]
[WhiteTeamCountry "POL"]
[BlackTeamCountry "ARG"]

1. d4 f5 2. e4 fxe4 3. Nc3 Nf6 4. f3 d5 5. fxe4 dxe4 6. Bg5 Nc6 7. Bb5 Bd7 8. Nge2 Nh5 9. d5 Ne5 10. Nd4 Nf6 11. Ne6 1-0

[Event "IECC TH-M-2840"]
[Site "IECC email"]
[Date "2009.01.25"]
[Round "?"]
[White "Wight, David"]
[Black "Phillips, Gordon"]
[Result "1/2-1/2"]
[WhiteElo "2185"]
[BlackElo "2083"]
[PlyCount "45"]
[EventDate "2009.??.??"]
[EventType "match (corr)"]
[SourceTitle "Corr 2011"]
[Source "ChessBase"]
[SourceDate "2010.08.31"]
[SourceVersion "1"]
[SourceVersionDate "2010.08.31"]
[SourceQuality "1"]
[WhiteTeam "US of America"]
[BlackTeam "Germany"]
[WhiteTeamCountry "USA"]
[BlackTeamCountry "GER"]

1. d4 f5 2. e4 fxe4 3. Nc3 Nf6 4. f3 exf3 5. Nxf3 g6 6. Bg5 d5 7. Qe2 Bg7 8. 0-0-0 0-0 9. h3 Nc6 10. Qe3 Bf5 11. g4 Be4 12. Bxf6 exf6 13. Nxe4 Re8 14. Bd3 f5 15. gxf5 gxf5 16. Nfg5 fxe4 17. Bxe4 Rxe4 18. Nxe4 dxe4 19. Rhg1 Kh8 20. Rxg7 Kxg7 21. Qg3+ Kh8 22. d5 Ne7 23. Qe5+ 1/2-1/2

[Event "IECC TH-M-2834"]
[Site "IECC email"]
[Date "2008.11.15"]
[Round "?"]
[White "Sakic, Radislav"]
[Black "Wight, David"]
[Result "1/2-1/2"]
[WhiteElo "2347"]
[BlackElo "2179"]
[PlyCount "66"]
[EventDate "2008.??.??"]
[EventType "match (corr)"]
[EventRounds "2"]
[SourceTitle "Corr 2011"]
[Source "ChessBase"]
[SourceDate "2010.08.31"]
[SourceVersion "1"]
[SourceVersionDate "2010.08.31"]
[SourceQuality "1"]
[WhiteTeam "SCG"]
[BlackTeam "US of America"]
[BlackTeamCountry "USA"]

1. d4 Nf6 2. c4 g6 3. Nc3 Bg7 4. e4 d6 5. Nf3 0-0 6. Be2 e5 7. 0-0 Nc6 8. d5 Nb8 9. Ne1 Nbd7 10. Nd3 b6 11. Be3 Nc5 12. f3 a6 13. Qd2 Nh5 14. g3 a5 15. Nb5 Na6 16. a3 a4 17. Bd1 Nc5 18. Bc2 Bd7 19. Qd1 Bxb5 20. cxb5 Qd7 21. Nxc5 bxc5 22. Qe2 Qh3 23. Bd3 f5 24. Qg2 Qxg2+ 25. Kxg2 f4 26. Bd2 Nf6 27. g4 Nd7 28. Rh1 Nb6 29. h4 h6 30. h5 g5 31. Rhc1 Rfb8 32. Be1 Kf7 33. Rcb1 Ke8 1/2-1/2

[Event "IECC CL2-2008.13 email"]
[Site "IECC email"]
[Date "2008.11.14"]
[Round "?"]
[White "Baumann, Dariusz"]
[Black "Wight, David"]
[Result "0-1"]
[WhiteElo "2065"]
[BlackElo "2207"]
[PlyCount "110"]
[EventDate "2008.??.??"]
[EventType "tourn (corr)"]
[EventRounds "4"]
[SourceTitle "Corr 2011"]
[Source "ChessBase"]
[SourceDate "2010.08.31"]
[SourceVersion "1"]
[SourceVersionDate "2010.08.31"]
[SourceQuality "1"]
[WhiteTeam "Poland"]
[BlackTeam "US of America"]
[WhiteTeamCountry "POL"]
[BlackTeamCountry "USA"]

1. e4 c5 2. Nf3 d6 3. d4 cxd4 4. Nxd4 Nf6 5. Nc3 a6 6. Bc4 Qc7 7. Bb3 e6 8. Be3 Nbd7 9. f3 Nc5 10. a3 Be7 11. Ba2 0-0 12. Qe2 b5 13. 0-0-0 Bd7 14. g4 Rfb8 15. g5 Ne8 16. f4 Qb7 17. Nd5 exd5 18. Bxd5 Qc8 19. Qh5 Be6 20. Nxe6 fxe6 21. Bxa8 Rxa8 22. g6 Nf6 23. gxh7+ Kh8 24. Qg6 Qe8 25. Qxe8+ Rxe8 26. Bxc5 dxc5 27. Rhe1 c4 28. a4 Kxh7 29. axb5 axb5 30. f5 e5 31. c3 Kg8 32. Kc2 Kf7 33. Ra1 Rh8 34. Re2 Rh4 35. Ra5 Nxe4 36. Rxb5 Kf6 37. Rb7 Nc5 38. Rc7 e4 39. Kd1 Rg4 40. Re3 Nd3 41. Rg3 Rf4 42. Kd2 Bc5 43. Rc6+ Ke5 44. Rxd3 cxd3 45. Rxc5+ Kd6 46. Rc8 Rf2+ 47. Ke1 Re2+ 48. Kd1 Ke5 49. b4 Rxh2 50. Rd8 Rh1+ 51. Kd2 Kf4 52. Rd4 Rh2+ 53. Kc1 Ke3 54. b5 Rc2+ 55. Kd1 Rb2 0-1

[Event "IECC CL1-2008.04 email"]
[Site "IECC email"]
[Date "2008.07.18"]
[Round "?"]
[White "Markus, Roland"]
[Black "Wight, David"]
[Result "1/2-1/2"]
[WhiteElo "2260"]
[BlackElo "2261"]
[PlyCount "54"]
[EventDate "2008.??.??"]
[EventType "tourn (corr)"]
[EventRounds "4"]
[SourceTitle "Corr 2013"]
[Source "ChessBase"]
[SourceDate "2012.11.12"]
[SourceVersion "1"]
[SourceVersionDate "2012.11.12"]
[SourceQuality "1"]
[WhiteTeam "India"]
[BlackTeam "US of America"]
[WhiteTeamCountry "IND"]
[BlackTeamCountry "USA"]

1. e4 c5 2. c3 Nf6 3. e5 Nd5 4. Nf3 Nc6 5. Bc4 Nb6 6. Bb3 d6 7. exd6 c4 8. Bc2 Qxd6 9. 0-0 Bg4 10. Qe2 Qf6 11. Be4 Ne5 12. Bxb7 Bxf3 13. Bxf3 Nxf3+ 14. Qxf3 Qxf3 15. gxf3 e6 16. Re1 0-0-0 17. Re4 h5 18. b3 Rd3 19. bxc4 Rxf3 20. Ba3 Kc7 21. Bxf8 Rxf8 22. Na3 a6 23. Rb1 Rd3 24. Rd4 Rd8 25. Rxd8 Rxd8 26. d4 e5 27. d5 Na4 1/2-1/2

[Event "IECC TH-M-2810"]
[Site "IECC email"]
[Date "2008.06.14"]
[Round "?"]
[White "Sakic, Radislav"]
[Black "Wight, David"]
[Result "1-0"]
[WhiteElo "2311"]
[BlackElo "2244"]
[PlyCount "71"]
[EventDate "2008.??.??"]
[EventType "match (corr)"]
[SourceTitle "Corr 2013"]
[Source "ChessBase"]
[SourceDate "2012.11.12"]
[SourceVersion "1"]
[SourceVersionDate "2012.11.12"]
[SourceQuality "1"]
[WhiteTeam "US of America"]
[BlackTeam "Italy"]
[WhiteTeamCountry "USA"]
[BlackTeamCountry "ITA"]

1. e4 c5 2. Nf3 Nc6 3. d4 cxd4 4. Nxd4 Nf6 5. Nc3 e6 6. Ndb5 d6 7. Bf4 e5 8. Bg5 a6 9. Na3 b5 10. Bxf6 gxf6 11. Nd5 Rb8 12. Bd3 Rg8 13. 0-0 Bh3 14. g3 Bxf1 15. Bxf1 Be7 16. Qh5 Rg7 17. c3 Kf8 18. Nc2 Kg8 19. Nce3 Rg5 20. Qf3 a5 21. a4 bxa4 22. Rxa4 Bf8 23. h4 Rg6 24. h5 Rg5 25. Nxf6+ Kh8 26. Ra2 Bh6 27. Nfd5 Rg8 28. Nf5 Bg5 29. Bc4 Rb7 30. Ba6 Rb8 31. Qd1 Rf8 32. Bc4 Rb7 33. h6 Qb8 34. Kg2 Ra7 35. Qh5 Bd8 36. b4 1-0

[Event "IECC TH-M-2811"]
[Site "IECC email"]
[Date "2008.06.14"]
[Round "?"]
[White "Wight, David"]
[Black "Sakic, Radislav"]
[Result "0-1"]
[WhiteElo "2235"]
[BlackElo "2320"]
[PlyCount "62"]
[EventDate "2008.??.??"]
[EventType "match (corr)"]
[SourceTitle "Corr 2013"]
[Source "ChessBase"]
[SourceDate "2012.11.12"]
[SourceVersion "1"]
[SourceVersionDate "2012.11.12"]
[SourceQuality "1"]
[WhiteTeam "US of America"]
[BlackTeam "Italy"]
[WhiteTeamCountry "USA"]
[BlackTeamCountry "ITA"]

1. d4 d5 2. c4 e6 3. Nc3 Nf6 4. Nf3 c6 5. Bg5 dxc4 6. e4 b5 7. e5 h6 8. Bh4 g5 9. Nxg5 hxg5 10. Bxg5 Nbd7 11. exf6 Bb7 12. a4 Qb6 13. a5 Qa6 14. Qc2 Bb4 15. Be2 c5 16. d5 exd5 17. Bf3 0-0-0 18. 0-0 d4 19. Bxb7+ Qxb7 20. a6 Qc6 21. Rfe1 d3 22. Qc1 Bxc3 23. bxc3 Nxf6 24. Qf4 Nd5 25. Qf5+ Qd7 26. Qf3 f6 27. Bd2 Qh7 28. h3 Qh5 29. Qg3 Rdg8 30. Qh2 Kd7 31. Ra5 Qf5 0-1

[Event "IECC TH-S-0317"]
[Site "IECC email"]
[Date "2008.05.08"]
[Round "?"]
[White "Vujadinovic, Milan"]
[Black "Wight, David"]
[Result "1/2-1/2"]
[WhiteElo "2200"]
[BlackElo "2239"]
[PlyCount "76"]
[EventDate "2008.??.??"]
[EventType "match (corr)"]
[SourceTitle "Corr 2013"]
[Source "ChessBase"]
[SourceDate "2012.11.12"]
[SourceVersion "1"]
[SourceVersionDate "2012.11.12"]
[SourceQuality "1"]
[WhiteTeam "US of America"]
[BlackTeam "Italy"]
[WhiteTeamCountry "USA"]
[BlackTeamCountry "ITA"]

1. d4 f5 2. Nf3 d6 3. c4 Nf6 4. Nc3 g6 5. g3 Bg7 6. Bg2 0-0 7. 0-0 Qe8 8. Re1 Nc6 9. d5 Na5 10. Qd3 e5 11. dxe6 Bxe6 12. Nd5 Bxd5 13. cxd5 Ne4 14. Ng5 Nxg5 15. Bxg5 Bxb2 16. Rab1 Be5 17. Rec1 Rc8 18. Bd2 Qa4 19. Qb5 Qxb5 20. Rxb5 b6 21. Bxa5 bxa5 22. e3 Rb8 23. Rxa5 Rb7 24. Bf1 Rfb8 25. Kg2 Bf6 26. Rc6 Bd8 27. Rca6 Rb2 28. Ra3 f4 29. exf4 Bf6 30. Rxa7 Bd4 31. Ra8 Rxf2+ 32. Kh3 Rxa8 33. Rxa8+ Kf7 34. Bg2 Bb6 35. Be4 Kg7 36. a4 Ra2 37. g4 Ra3+ 38. Kg2 Ra2+ 1/2-1/2

[Event "IECC M1-2008.T39"]
[Site "IECC email"]
[Date "2008.04.24"]
[Round "?"]
[White "Charnley, Bernard J"]
[Black "Wight, David"]
[Result "0-1"]
[WhiteElo "1972"]
[BlackElo "2259"]
[PlyCount "46"]
[EventDate "2008.??.??"]
[EventType "match (corr)"]
[EventRounds "2"]
[SourceTitle "Corr 2013"]
[Source "ChessBase"]
[SourceDate "2012.11.12"]
[SourceVersion "1"]
[SourceVersionDate "2012.11.12"]
[SourceQuality "1"]
[WhiteTeam "England"]
[BlackTeam "US of America"]
[WhiteTeamCountry "ENG"]
[BlackTeamCountry "USA"]

1. e4 c5 2. Nc3 d6 3. f4 g6 4. Nf3 Bg7 5. Bc4 Nc6 6. 0-0 e6 7. d3 Nge7 8. Qe1 0-0 9. f5 d5 10. Bb3 dxe4 11. dxe4 exf5 12. Qh4 Qb6 13. Kh1 h5 14. Bg5 fxe4 15. Qxe4 Bf5 16. Qh4 Rae8 17. Rae1 Be6 18. Na4 Nf5 19. Qf2 Qc7 20. Bxe6 Rxe6 21. Rxe6 fxe6 22. Qxc5 Nfd4 23. c3 Rf5 0-1

[Event "IECC M1-2008.T39"]
[Site "IECC email"]
[Date "2008.04.24"]
[Round "?"]
[White "Wight, David"]
[Black "Charnley, Bernard J"]
[Result "1-0"]
[WhiteElo "2263"]
[BlackElo "1966"]
[PlyCount "55"]
[EventDate "2008.??.??"]
[EventType "match (corr)"]
[EventRounds "2"]
[SourceTitle "Corr 2013"]
[Source "ChessBase"]
[SourceDate "2012.11.12"]
[SourceVersion "1"]
[SourceVersionDate "2012.11.12"]
[SourceQuality "1"]
[WhiteTeam "US of America"]
[BlackTeam "US of America"]
[WhiteTeamCountry "USA"]
[BlackTeamCountry "USA"]

1. d4 g6 2. Bf4 Bg7 3. Nf3 c5 4. c3 cxd4 5. cxd4 Nf6 6. Nc3 0-0 7. e3 d6 8. Rc1 a6 9. Be2 b5 10. Ng5 Bb7 11. Bf3 Bxf3 12. Qxf3 Nbd7 13. 0-0 h6 14. Nge4 Nh5 15. Nd5 Nxf4 16. Nxf4 Rc8 17. Nd5 Re8 18. h4 Bf8 19. h5 g5 20. Qg4 Bg7 21. Rxc8 Qxc8 22. f4 gxf4 23. Qxf4 f6 24. Rf3 Kf7 25. Rg3 Rg8 26. Nxe7 Kxe7 27. Qxd6+ Kf7 28. Qd5+ 1-0